[Event "Titled Tuesday intern op 12th Mar Early"]
[Site "Chess.com INT"]
[Date "2024.03.12"]
[Round "1"]
[White "Sliwicki, Damian"]
[Black "Pakleza, Zbigniew"]
[Result "1/2-1/2"]
[WhiteElo "2091"]
[BlackElo "2482"]
[PlyCount "103"]
[EventDate "2024.03.12"]
[EventType "swiss (blitz)"]
[EventRounds "11"]
[EventCountry "USA"]
[SourceTitle "CB12_2024"]
[SourceDate "2023.10.01"]
[SourceVersion "1"]
[SourceVersionDate "2023.10.01"]
[SourceQuality "1"]

1. e4 d6 2. d4 Nf6 3. Nc3 c6 4. Nf3 Bg4 5. Be2 e6 6. 0-0 Be7 7. e5 Nd5 8. exd6 Bxd6 9. Ne4 Be7 10. Ne5 Bxe2 11. Qxe2 Nd7 12. Rd1 0-0 13. c4 N5f6 14. Ng5 Qe8 15. Bf4 h6 16. Ngf3 Rd8 17. h3 a6 18. Rac1 Nxe5 19. Nxe5 Nd7 20. Qg4 Kh8 21. Qh5 Nf6 22. Qf3 Nd7 23. Ng4 Rg8 24. Qe3 Bf8 25. Rc3 Qe7 26. Re1 Qh4 27. Be5 Bb4 28. Re2 Bxc3 29. bxc3 Nxe5 30. Nxe5 Qe7 31. Qf3 Rgf8 32. Re4 Kg8 33. Qh5 f5 34. Re3 Qe8 35. Qe2 Rf6 36. Nf3 Qf7 37. Ne5 Qf8 38. Nd3 Re8 39. Nc5 Qf7 40. Nd3 Qc7 41. Ne5 b6 42. Rg3 c5 43. Qe3 cxd4 44. cxd4 Rd8 45. Qf4 Qd6 46. Qh4 Kf8 47. Ng6+ Kg8 48. Ne5 Qf8 49. Ng6 Qf7 50. Ne5 Qe7 51. Ng6 Qd6 52. Ne5 1/2-1/2

[Event "Titled Tuesday intern op 23rd Jan Late"]
[Site "Chess.com INT"]
[Date "2024.01.23"]
[Round "7"]
[White "Sliwicki, Damian"]
[Black "Deveci, Huseyin Said"]
[Result "1-0"]
[WhiteElo "2091"]
[BlackElo "2250"]
[PlyCount "35"]
[EventDate "2024.01.23"]
[EventType "swiss (blitz)"]
[EventRounds "11"]
[EventCountry "USA"]
[SourceTitle "CB05_2024"]
[SourceDate "2024.01.31"]
[SourceVersion "1"]
[SourceVersionDate "2024.01.31"]
[SourceQuality "1"]

1. e4 c5 2. Nf3 e6 3. d4 cxd4 4. Nxd4 a6 5. Nc3 Nf6 6. e5 Ng8 7. Be2 Nc6 8. Nxc6 bxc6 9. 0-0 Qc7 10. Bf4 Rb8 11. Ne4 f5 12. Nd6+ Bxd6 13. exd6 Qa5 14. Bh5+ g6 15. Qd4 gxh5 16. Qxh8 Kf7 17. Qxh7+ Kf8 18. Qh8 1-0

[Event "Titled Tuesday intern op 16th Jan Early"]
[Site "Chess.com INT"]
[Date "2024.01.16"]
[Round "3"]
[White "Rosen, Eric S"]
[Black "Sliwicki, Damian"]
[Result "1-0"]
[WhiteElo "2361"]
[BlackElo "2091"]
[PlyCount "73"]
[EventDate "2024.01.16"]
[EventType "swiss (blitz)"]
[EventRounds "11"]
[EventCountry "USA"]
[SourceTitle "CB04_2024"]
[SourceDate "2023.10.16"]
[SourceVersion "1"]
[SourceVersionDate "2023.10.16"]
[SourceQuality "1"]

1. d4 Nf6 2. Bf4 e6 3. e3 d5 4. Nf3 c5 5. Nbd2 Nc6 6. c3 Bd6 7. Bg3 0-0 8. Bb5 Qe7 9. Bxc6 bxc6 10. Qa4 cxd4 11. exd4 Ne4 12. Qxc6 Bd7 13. Qa6 Bxg3 14. hxg3 Rfb8 15. Qd3 f5 16. b3 Rc8 17. c4 Qb4 18. 0-0 Be8 19. Rfd1 g5 20. Qe3 h6 21. Ne5 Nxd2 22. Qxd2 Qxd2 23. Rxd2 dxc4 24. bxc4 Rab8 25. Rc1 Kf8 26. f3 Ke7 27. Kf2 Rb4 28. g4 f4 29. Rh1 Rcb8 30. Rxh6 Rb2 31. Rh7+ Kf6 32. Ke2 Rxd2+ 33. Kxd2 Rb2+ 34. Kc3 Rxa2 35. c5 Ra1 36. c6 Bxc6 37. Rf7# 1-0

[Event "Titled Tuesday intern op 24th Oct Late"]
[Site "Chess.com INT"]
[Date "2023.10.24"]
[Round "2"]
[White "Al Tarbosh, Ward"]
[Black "Sliwicki, Damian"]
[Result "1-0"]
[WhiteElo "2280"]
[BlackElo "2107"]
[PlyCount "87"]
[EventDate "2023.10.24"]
[EventType "swiss (blitz)"]
[EventRounds "11"]
[EventCountry "USA"]
[SourceTitle "Mega2024 Update 01"]
[Source "Chessbase"]
[SourceDate "2023.11.12"]
[SourceVersion "1"]
[SourceVersionDate "2023.11.12"]
[SourceQuality "1"]

1. e4 c5 2. Nf3 g6 3. d4 cxd4 4. Qxd4 Nf6 5. e5 Nc6 6. Qa4 Nd5 7. Qe4 Nb6 8. Nc3 Bg7 9. Bf4 0-0 10. 0-0-0 Re8 11. h4 e6 12. h5 d5 13. exd6 Nd5 14. hxg6 hxg6 15. Bg5 Nxc3 16. bxc3 Qa5 17. d7 Qa3+ 18. Kb1 Bxd7 19. Rxd7 Qxc3 20. Kc1 Nb4 21. Qc4 Qa1+ 22. Kd2 Rac8 23. Rc7 Rcd8+ 24. Bxd8 Rxd8+ 25. Bd3 Qxh1 26. Qxb4 Qxg2 27. Qe4 Qxf2+ 28. Qe2 Qb6 29. Rc4 Qa5+ 30. Kd1 Qxa2 31. Qd2 Qa1+ 32. Ke2 Qf6 33. Re4 e5 34. Qb4 Qc6 35. Qc4 Qd7 36. Re3 Qg4 37. Qxg4 e4 38. Qxe4 f5 39. Qe6+ Kh7 40. Ng5+ Kh6 41. Nf7+ Kh7 42. Rh3+ Kg8 43. Nh6+ Kf8 44. Qf7# 1-0

[Event "Titled Tuesday intern op 24th Oct Late"]
[Site "Chess.com INT"]
[Date "2023.10.24"]
[Round "4"]
[White "Sliwicki, Damian"]
[Black "Kim, Sergey2"]
[Result "0-1"]
[WhiteElo "2107"]
[BlackElo "2295"]
[PlyCount "54"]
[EventDate "2023.10.24"]
[EventType "swiss (blitz)"]
[EventRounds "11"]
[EventCountry "USA"]
[SourceTitle "Mega2024 Update 01"]
[Source "Chessbase"]
[SourceDate "2023.11.12"]
[SourceVersion "1"]
[SourceVersionDate "2023.11.12"]
[SourceQuality "1"]

1. e4 e5 2. Nf3 Nc6 3. d4 exd4 4. Bc4 Nf6 5. 0-0 Nxe4 6. Nc3 Nxc3 7. bxc3 d5 8. Bb5 Be7 9. Ne5 Bd7 10. Nxd7 Qxd7 11. Re1 0-0 12. cxd4 Bd6 13. c3 Rfe8 14. Be3 Qf5 15. Rb1 Qf6 16. Qh5 h6 17. Bd3 Rab8 18. h3 a6 19. Bd2 Ne7 20. a4 Bf4 21. Bxf4 Qxf4 22. Re3 g6 23. Qe2 Kf8 24. Re1 Qd6 25. Qf3 c6 26. Re6 Qd7 27. Qf6 Ng8 0-1

[Event "Titled Tuesday intern op 26th Sep Late"]
[Site "Chess.com INT"]
[Date "2023.09.26"]
[Round "3"]
[White "Saif, Malek"]
[Black "Sliwicki, Damian"]
[Result "0-1"]
[WhiteElo "2139"]
[BlackElo "2091"]
[PlyCount "166"]
[EventDate "2023.09.26"]
[EventType "swiss (blitz)"]
[EventRounds "11"]
[EventCountry "USA"]
[SourceTitle "EXT 2024"]
[Source "ChessBase"]
[SourceDate "2023.10.10"]
[SourceVersion "1"]
[SourceVersionDate "2023.10.10"]
[SourceQuality "1"]

1. e4 c5 2. Nf3 g6 3. d4 cxd4 4. Nxd4 Nc6 5. Bc4 Bg7 6. Ne2 d6 7. Nbc3 Nf6 8. Be3 0-0 9. f3 Qa5 10. Qd2 Be6 11. Bxe6 fxe6 12. Nf4 Qe5 13. Nd3 Qa5 14. 0-0 e5 15. a3 Rac8 16. Qf2 a6 17. Bb6 Ng4 18. fxg4 Rxf2 19. Bxa5 Rxf1+ 20. Rxf1 Nxa5 21. Nd5 Bf8 22. c3 Nc4 23. Rf2 a5 24. a4 e6 25. Nf6+ Kg7 26. g5 d5 27. exd5 exd5 28. Nxd5 e4 29. N3f4 Rc6 30. Re2 Bc5+ 31. Kh1 e3 32. h4 Rd6 33. b3 Ne5 34. Kh2 Ba7 35. Kh3 Nd3 36. c4 Nxf4+ 37. Nxf4 Rd2 38. Kg4 h5+ 39. Kf3 Rd1 40. Nd5 Rd3 41. Nxe3 Rxb3 42. Ke4 Rb4 43. Kd5 Rxa4 44. Nc2 Ra2 45. Re7+ Kf8 46. Rxb7 Bf2 47. Nd4 Rd2 48. Ke6 Bxd4 49. Rb8+ Kg7 50. Rb7+ Kg8 51. Rb8+ Kh7 52. Rb7+ Bg7 53. c5 Re2+ 54. Kd5 Rd2+ 55. Ke6 Rxg2 56. c6 Rc2 57. c7 a4 58. Kd7 a3 59. Ra7 a2 60. Rxa2 Rxa2 61. c8Q Ra4 62. Qc2 Rxh4 63. Qb3 Rf4 64. Ke7 Rf5 65. Ke6 Rxg5 66. Qb7 Rf5 67. Qe4 Re5+ 68. Qxe5 Bxe5 69. Kxe5 Kh6 70. Kf4 g5+ 71. Kg3 h4+ 72. Kh2 Kh5 73. Kg2 g4 74. Kh1 Kg5 75. Kg1 Kf4 76. Kh1 Ke3 77. Kg1 Kf3 78. Kh1 Kf2 79. Kh2 g3+ 80. Kh1 g2+ 81. Kh2 g1Q+ 82. Kh3 Qg5 83. Kh2 Qg2# 0-1

[Event "Titled Tuesday intern op 26th Sep Late"]
[Site "Chess.com INT"]
[Date "2023.09.26"]
[Round "2"]
[White "Sliwicki, Damian"]
[Black "Dourerassou, Jonathan"]
[Result "1-0"]
[WhiteElo "2091"]
[BlackElo "2415"]
[PlyCount "189"]
[EventDate "2023.09.26"]
[EventType "swiss (blitz)"]
[EventRounds "11"]
[EventCountry "USA"]
[SourceTitle "EXT 2024"]
[Source "ChessBase"]
[SourceDate "2023.10.10"]
[SourceVersion "1"]
[SourceVersionDate "2023.10.10"]
[SourceQuality "1"]

1. e4 e6 2. Nc3 c5 3. Nf3 Nc6 4. d4 cxd4 5. Nxd4 Nf6 6. g3 Bb4 7. Bg2 0-0 8. 0-0 d5 9. exd5 exd5 10. Bg5 Bxc3 11. bxc3 Be6 12. Rb1 h6 13. Bxf6 Qxf6 14. Rxb7 Rac8 15. Re1 Nxd4 16. cxd4 Rc4 17. c3 Rxc3 18. Rxa7 Rfc8 19. Qd2 R3c4 20. Qe3 Rxd4 21. a4 g5 22. a5 Ra4 23. a6 Ra2 24. h4 gxh4 25. gxh4 Rc3 26. Qb6 Rcc2 27. Ra8+ Kg7 28. Rf1 Qxh4 29. Qb8 Rc8 30. Qe5+ Qf6 31. Qg3+ Qg6 32. Rxc8 Bxc8 33. Qc3+ Kh7 34. Qxc8 Rxa6 35. Qh3 d4 36. Qg3 Kg7 37. Qe5+ Qf6 38. Qxf6+ Kxf6 39. Rd1 Rd6 40. Rd3 Ke5 41. f3 f5 42. Kf2 Kf4 43. Rd2 d3 44. Bf1 h5 45. Rxd3 Rb6 46. Rd4+ Ke5 47. Rd2 Rb3 48. Kg3 h4+ 49. Kf2 Kf4 50. Bh3 Rxf3+ 51. Kg2 Rg3+ 52. Kh2 Ra3 53. Rf2+ Rf3 54. Re2 Kg5 55. Rg2+ Kf4 56. Re2 Kg5 57. Bg2 Rf4 58. Kh3 Ra4 59. Re3 Kf4 60. Rf3+ Kg5 61. Rb3 Rc4 62. Rd3 Rg4 63. Re3 Rf4 64. Kh2 Rg4 65. Re8 Kf4 66. Rh8 Ke3 67. Rh5 f4 68. Bh3 Rg3 69. Rxh4 Rf3 70. Bg2 Rf2 71. Kg1 Ra2 72. Rh3+ Kd4 73. Rf3 Ke5 74. Rf1 Rb2 75. Bf3 Kf5 76. Re1 Kg5 77. Be2 Kh4 78. Kf2 Rb3 79. Rh1+ Kg5 80. Rg1+ Kf5 81. Rh1 Rb2 82. Rh5+ Ke4 83. Rh3 Ra2 84. Rf3 Kf5 85. Rb3 Ra4 86. Kf3 Kg5 87. Rb5+ Kh4 88. Rd5 Rb4 89. Bd3 Ra4 90. Bg6 Ra3+ 91. Kxf4 Kh3 92. Be4 Kh2 93. Rd1 Rf3+ 94. Bxf3 Kh3 95. Rh1# 1-0

[Event "Titled Tuesday intern op 26th Sep Late"]
[Site "Chess.com INT"]
[Date "2023.09.26"]
[Round "4"]
[White "Sliwicki, Damian"]
[Black "Espinosa Veloz, Ermes"]
[Result "1-0"]
[WhiteElo "2091"]
[BlackElo "2478"]
[PlyCount "83"]
[EventDate "2023.09.26"]
[EventType "swiss (blitz)"]
[EventRounds "11"]
[EventCountry "USA"]
[SourceTitle "EXT 2024"]
[Source "ChessBase"]
[SourceDate "2023.10.10"]
[SourceVersion "1"]
[SourceVersionDate "2023.10.10"]
[SourceQuality "1"]

1. e4 e6 2. Nc3 d5 3. d4 Nf6 4. Bg5 Bb4 5. e5 h6 6. Be3 Ne4 7. Qg4 Kf8 8. Nge2 c5 9. dxc5 Nc6 10. a3 Qa5 11. Rd1 Bxc3+ 12. Nxc3 Nxe5 13. Qf4 Ng6 14. Qf3 Nxc3 15. Bd2 d4 16. bxc3 dxc3 17. Bxc3 Qc7 18. Bb5 e5 19. 0-0 Be6 20. Bd3 Nf4 21. Rfe1 f6 22. g3 Nxd3 23. Rxd3 Kg8 24. Rd6 Bf7 25. Red1 Rc8 26. Rd7 Qxc5 27. Qf5 Rf8 28. Bb4 Qc6 29. Bxf8 Kxf8 30. Rd8+ Be8 31. Qg6 Qe6 32. R1d6 Qe7 33. h4 h5 34. Qe4 Rh6 35. Qd5 Rh8 36. R6d7 g6 37. Rxe7 Kxe7 38. Qd6+ Kf7 39. Rc8 Kg7 40. Rc7+ Bf7 41. Qe7 Rf8 42. Rxb7 1-0

[Event "Titled Tuesday intern op 19th Sep Early"]
[Site "Chess.com INT"]
[Date "2023.09.19"]
[Round "4"]
[White "Xu, Yi"]
[Black "Sliwicki, Damian"]
[Result "1-0"]
[WhiteElo "2500"]
[BlackElo "2091"]
[PlyCount "79"]
[EventDate "2023.09.19"]
[EventType "swiss (blitz)"]
[EventRounds "11"]
[EventCountry "USA"]
[SourceTitle "EXT 2024"]
[Source "ChessBase"]
[SourceDate "2023.10.10"]
[SourceVersion "1"]
[SourceVersionDate "2023.10.10"]
[SourceQuality "1"]

1. d4 Nf6 2. c4 e6 3. Nf3 Bb4+ 4. Bd2 Qe7 5. g3 0-0 6. Bg2 d5 7. 0-0 Bxd2 8. Qxd2 Nc6 9. Rc1 Rd8 10. Qc3 Ne4 11. Qe3 f5 12. Nc3 Nf6 13. a3 dxc4 14. Qf4 Na5 15. Rc2 Nd5 16. Nxd5 exd5 17. Ne5 c5 18. e3 Nb3 19. Rd1 g5 20. Qf3 cxd4 21. exd4 Nxd4 22. Rxd4 Qxe5 23. Rxd5 Qe1+ 24. Bf1 Be6 25. Rxd8+ Rxd8 26. Re2 Qxf1+ 27. Kxf1 Rd1+ 28. Re1 Rd6 29. Qxb7 c3 30. Qb8+ Kf7 31. Qxd6 Bc4+ 32. Kg2 cxb2 33. Qc7+ Kg6 34. Qxc4 h5 35. Rb1 h4 36. Rxb2 h3+ 37. Kxh3 g4+ 38. Kg2 f4 39. Qe6+ Kg5 40. Rb5# 1-0

[Event "POL-chT 2nd League"]
[Site "Jastrzebia Gora"]
[Date "2023.09.02"]
[Round "1.110"]
[White "Ugorek, Kacper"]
[Black "Sliwicki, Damian"]
[Result "0-1"]
[WhiteElo "2004"]
[BlackElo "2091"]
[PlyCount "234"]
[EventDate "2023.09.02"]
[EventType "team-swiss"]
[EventRounds "9"]
[EventCountry "POL"]
[SourceTitle "EXT 2024"]
[Source "ChessBase"]
[SourceDate "2023.10.10"]
[SourceVersion "1"]
[SourceVersionDate "2023.10.10"]
[SourceQuality "1"]
[WhiteTeam "Kalisz KTS"]
[BlackTeam "Torun UKS OPP"]
[WhiteTeamCountry "POL"]
[BlackTeamCountry "POL"]

1. Nf3 c5 2. e4 Nc6 3. d4 cxd4 4. Nxd4 g6 5. c4 Bg7 6. Be3 Nf6 7. Nc3 0-0 8. Nc2 Qa5 9. f3 a6 10. Qd2 d6 11. Be2 Be6 12. Nd5 Qxd2+ 13. Kxd2 Rac8 14. Rac1 Nd7 15. b3 f5 16. Nf4 Bf7 17. exf5 gxf5 18. Nh3 Kh8 19. f4 d5 20. Ng5 Bg8 21. cxd5 Bxd5 22. Bf3 Bg8 23. Rhd1 e5 24. Ke2 exf4 25. Bxf4 Nde5 26. Bxc6 Rxc6 27. Ne3 Rxc1 28. Rxc1 Re8 29. Rd1 Bf6 30. Kf2 h6 31. Nf3 Ng4+ 32. Nxg4 fxg4 33. Nd4 Rd8 34. Be3 Be5 35. g3 Kh7 36. Rd2 Kg6 37. Ne2 Rc8 38. Bf4 Bf6 39. Rd6 Rd8 40. Rb6 Bd5 41. Rd6 Be4 42. Rxd8 Bxd8 43. Be3 Bb1 44. a3 Bf6 45. Bd4 Be7 46. b4 Kf5 47. Ke3 h5 48. Bb6 Bd6 49. Bd8 Bb8 50. Be7 Ba2 51. Nf4 Bf7 52. Nd3 Ke6 53. Bc5 Kd5 54. a4 h4 55. Nf4+ Ke5 56. gxh4 Kf5 57. Ne2 Bxh2 58. Kf2 Be5 59. Ng3+ Kg6 60. a5 Bf6 61. h5+ Kh6 62. Bf8+ Kh7 63. Bd6 Bd4+ 64. Kg2 Be6 65. Kh2 Kh6 66. Bf4+ Kg7 67. Ne4 Bd5 68. Ng3 Bc3 69. Bd6 Kf6 70. Bf8 Be5 71. Bc5 Kg5 72. Be3+ Kf6 73. Bc5 Bf4 74. Bf2 Bf7 75. Kg2 Kg5 76. Bc5 Bxh5 77. Be7+ Kg6 78. Bc5 Be5 79. Be3 Bc3 80. Bc5 Bd2 81. Bd6 Be1 82. Bc5 Bc3 83. Bd6 Bd4 84. Bc7 Be3 85. Bd6 Bd2 86. Bc5 Bf4 87. Bf8 Be5 88. Bc5 Bc7 89. Kf2 Kg5 90. Be7+ Kh6 91. Bf8+ Kg6 92. Bc5 Bf4 93. Kg2 Be5 94. Kf2 Bf6 95. Kg2 Kh6 96. Bf8+ Kg6 97. Bc5 Bd8 98. Be3 Be7 99. Ne2 Kg7 100. Bd2 Be8 101. Kg3 Bd7 102. Nf4 Bd6 103. Kh4 Kf6 104. Ne2 Kf5 105. Ng3+ Ke5 106. Nh5 Kd4 107. Nf6 Be6 108. Nxg4 Bxg4 109. Kxg4 Kc4 110. Kf3 Bxb4 111. Bg5 Bxa5 112. Ke2 Bc3 113. Kd1 Kb3 114. Kc1 a5 115. Kb1 a4 116. Bc1 a3 117. Bb2 a2+ 0-1

[Event "Titled Tuesday intern op 22nd Aug Early"]
[Site "Chess.com INT"]
[Date "2023.08.22"]
[Round "3"]
[White "Sliwicki, Damian"]
[Black "Altman, Joshua"]
[Result "1-0"]
[WhiteElo "2091"]
[BlackElo "2163"]
[PlyCount "139"]
[EventDate "2023.08.22"]
[EventType "swiss (blitz)"]
[EventRounds "11"]
[EventCountry "USA"]
[SourceTitle "EXT 2024"]
[Source "ChessBase"]
[SourceDate "2023.10.10"]
[SourceVersion "1"]
[SourceVersionDate "2023.10.10"]
[SourceQuality "1"]

1. e4 e6 2. Qe2 Be7 3. d4 d5 4. Nc3 dxe4 5. Nxe4 Nf6 6. Nf3 Nbd7 7. Bd2 0-0 8. 0-0-0 b6 9. Ne5 Bb7 10. Nxf6+ Bxf6 11. f4 c5 12. Bc3 Qc7 13. Nxd7 Qxd7 14. dxc5 Qc7 15. Bxf6 Qxf4+ 16. Kb1 Qxf6 17. cxb6 axb6 18. Qe3 Bd5 19. c4 Bc6 20. Bd3 g6 21. Rhf1 Qe7 22. h4 Qxh4 23. Rh1 Qf6 24. Rdf1 Qg7 25. Rh2 Rfd8 26. Bc2 h5 27. Qf4 Rd4 28. Qc7 Be4 29. Bxe4 Rxe4 30. Qc6 Re2 31. Qxa8+ Kh7 32. Qa3 f5 33. Qc3 Qd7 34. Rc1 Qc6 35. Rhh1 Qe4+ 36. Ka1 Qxg2 37. Rhe1 Rxe1 38. Rxe1 Qf2 39. Qe5 h4 40. Qxe6 h3 41. Qe7+ Kh6 42. Qe3+ Qxe3 43. Rxe3 h2 44. Rh3+ Kg5 45. Rxh2 Kg4 46. Rg2+ Kh5 47. Kb1 f4 48. Kc2 g5 49. Kd3 f3 50. Rg3 g4 51. Ke3 Kh4 52. Kf2 Kg5 53. b4 Kf4 54. c5 bxc5 55. bxc5 Ke5 56. c6 Kd6 57. Rxg4 Kxc6 58. Kxf3 Kb5 59. a4+ Ka5 60. Ke3 Ka6 61. Kd3 Kb6 62. Kc3 Ka6 63. Kb4 Kb6 64. Rg6+ Kb7 65. a5 Ka7 66. Kb5 Kb7 67. a6+ Kb8 68. Rg7 Ka8 69. Kb6 Kb8 70. Rg8# 1-0

[Event "Titled Tuesday intern op 08th Aug Early"]
[Site "Chess.com INT"]
[Date "2023.08.08"]
[Round "2"]
[White "Sliwicki, Damian"]
[Black "Hartikainen, Jarmo"]
[Result "1-0"]
[WhiteElo "2091"]
[BlackElo "2108"]
[PlyCount "53"]
[EventDate "2023.08.08"]
[EventType "swiss (blitz)"]
[EventRounds "11"]
[EventCountry "USA"]
[SourceTitle "EXT 2024"]
[Source "ChessBase"]
[SourceDate "2023.10.10"]
[SourceVersion "1"]
[SourceVersionDate "2023.10.10"]
[SourceQuality "1"]

1. e4 c5 2. Nf3 Nc6 3. c4 e6 4. d4 cxd4 5. Nxd4 Nf6 6. Nc3 Bb4 7. Qd3 a6 8. Bd2 Qc7 9. Be2 Ne5 10. Qg3 0-0 11. Bh6 g6 12. 0-0 Bxc3 13. bxc3 Nxe4 14. Qf4 f5 15. Bxf8 Kxf8 16. Rfe1 d6 17. Bf1 Nxc3 18. Rac1 Ne4 19. Rxe4 Qf7 20. Qh6+ Kg8 21. Rh4 Ng4 22. Qg5 h6 23. Rxh6 Nxh6 24. Qxh6 e5 25. Nf3 Be6 26. Ng5 Qe7 27. Qxg6+ 1-0

[Event "Titled Tuesday intern op 08th Aug Late"]
[Site "Chess.com INT"]
[Date "2023.08.08"]
[Round "4"]
[White "Sliwicki, Damian"]
[Black "Pantev, Veselin"]
[Result "0-1"]
[WhiteElo "2091"]
[BlackElo "2374"]
[PlyCount "36"]
[EventDate "2023.08.08"]
[EventType "swiss (blitz)"]
[EventRounds "11"]
[EventCountry "USA"]
[SourceTitle "EXT 2024"]
[Source "ChessBase"]
[SourceDate "2023.10.10"]
[SourceVersion "1"]
[SourceVersionDate "2023.10.10"]
[SourceQuality "1"]

1. e4 c6 2. Nc3 d5 3. Nf3 dxe4 4. Nxe4 Nf6 5. Nxf6+ exf6 6. d4 Bd6 7. Bd3 0-0 8. 0-0 Re8 9. h3 Nd7 10. c4 Nf8 11. b3 Be6 12. Bb2 Qd7 13. Re1 Ng6 14. Nh2 Bxh3 15. gxh3 Qxh3 16. Rxe8+ Rxe8 17. f4 Bxf4 18. Nf3 Be3# 0-1

[Event "Titled Tuesday intern op 01st Aug Late"]
[Site "Chess.com INT"]
[Date "2023.08.01"]
[Round "2"]
[White "Rasulov, Vugar Ural Oglu"]
[Black "Sliwicki, Damian"]
[Result "1-0"]
[WhiteElo "2549"]
[BlackElo "2091"]
[PlyCount "43"]
[EventDate "2023.08.01"]
[EventType "swiss (blitz)"]
[EventRounds "11"]
[EventCountry "USA"]
[SourceTitle "EXT 2024"]
[Source "ChessBase"]
[SourceDate "2023.10.10"]
[SourceVersion "1"]
[SourceVersionDate "2023.10.10"]
[SourceQuality "1"]

1. e3 c5 2. Ne2 g6 3. d4 cxd4 4. exd4 Bg7 5. c3 Nf6 6. Ng3 0-0 7. Bd3 b6 8. 0-0 Bb7 9. Re1 d6 10. Nd2 Nbd7 11. Nf3 Re8 12. Bg5 Qc7 13. a4 e5 14. dxe5 dxe5 15. Bb5 e4 16. Bxf6 Nxf6 17. Bxe8 exf3 18. Bb5 fxg2 19. Qe2 Nh5 20. Nxh5 gxh5 21. Qe7 Qf4 22. Qxb7 1-0

[Event "Titled Tuesday intern op 01st Aug Late"]
[Site "Chess.com INT"]
[Date "2023.08.01"]
[Round "5"]
[White "Sliwicki, Damian"]
[Black "Chor, Kevin"]
[Result "0-1"]
[WhiteElo "2091"]
[BlackElo "1944"]
[PlyCount "32"]
[EventDate "2023.08.01"]
[EventType "swiss (blitz)"]
[EventRounds "11"]
[EventCountry "USA"]
[SourceTitle "EXT 2024"]
[Source "ChessBase"]
[SourceDate "2023.10.10"]
[SourceVersion "1"]
[SourceVersionDate "2023.10.10"]
[SourceQuality "1"]

1. e4 c5 2. Nf3 Nc6 3. Bb5 Qb6 4. Nc3 e6 5. 0-0 Nge7 6. Re1 Ng6 7. Bxc6 bxc6 8. d4 cxd4 9. Nxd4 Be7 10. Nf5 exf5 11. exf5 Nf8 12. Bg5 f6 13. Be3 Qa5 14. Qe2 Kf7 15. Bb6 Qe5 16. Qc4+ d5 0-1

[Event "Titled Tuesday intern op 01st Aug Early"]
[Site "Chess.com INT"]
[Date "2023.08.01"]
[Round "4"]
[White "Sliwicki, Damian"]
[Black "Preobrazhenskaya, Diana"]
[Result "1-0"]
[WhiteElo "2091"]
[BlackElo "2056"]
[PlyCount "107"]
[EventDate "2023.08.01"]
[EventType "swiss (blitz)"]
[EventRounds "11"]
[EventCountry "USA"]
[SourceTitle "EXT 2024"]
[Source "ChessBase"]
[SourceDate "2023.10.10"]
[SourceVersion "1"]
[SourceVersionDate "2023.10.10"]
[SourceQuality "1"]

1. e4 c5 2. Nf3 d6 3. d4 cxd4 4. Qxd4 Nc6 5. Bb5 Bd7 6. Bxc6 Bxc6 7. Nc3 e5 8. Qd3 Nf6 9. Bg5 h6 10. Bh4 Be7 11. 0-0-0 Qc7 12. Rhg1 g5 13. Bg3 Nh5 14. Nd2 Nxg3 15. hxg3 0-0-0 16. Nc4 Kb8 17. Ne3 Qa5 18. Nf5 Bf8 19. Kb1 Qc5 20. f3 h5 21. Rh1 f6 22. g4 h4 23. g3 h3 24. Qf1 d5 25. exd5 Bxd5 26. Rxh3 Rxh3 27. Qxh3 Bxa2+ 28. Kxa2 Rxd1 29. Nxd1 Qd5+ 30. b3 Qxd1 31. Kb2 Qd8 32. Qh7 a5 33. Qf7 Bb4 34. Qc4 Be1 35. Qb5 Qc7 36. c4 Bb4 37. Ne3 Qe7 38. Nd5 Qh7 39. Nxb4 axb4 40. Qxb4 Qh2+ 41. Ka3 Qxg3 42. Qd6+ Ka7 43. Qxf6 Qe1 44. Qf5 Qa1+ 45. Kb4 Qe1+ 46. Kc5 Qe3+ 47. Kd6 Qd4+ 48. Ke6 Qb6+ 49. Kxe5 Qxb3 50. Kf6 Qe3 51. c5 Ka6 52. Qd5 Qf4+ 53. Kg6 Qc1 54. Qxg5 1-0

[Event "Titled Tuesday intern op 11th Jul Late"]
[Site "Chess.com INT"]
[Date "2023.07.11"]
[Round "1"]
[White "Rustemov, Alexander"]
[Black "Sliwicki, Damian"]
[Result "1-0"]
[WhiteElo "2525"]
[BlackElo "2103"]
[PlyCount "107"]
[EventDate "2023.07.11"]
[EventType "swiss (blitz)"]
[EventRounds "11"]
[EventCountry "USA"]
[SourceTitle "EXT 2024"]
[Source "ChessBase"]
[SourceDate "2023.10.10"]
[SourceVersion "1"]
[SourceVersionDate "2023.10.10"]
[SourceQuality "1"]

1. d4 Nf6 2. c4 e6 3. Nf3 Bb4+ 4. Bd2 Qe7 5. g3 Bxd2+ 6. Qxd2 d6 7. Nc3 0-0 8. Bg2 e5 9. 0-0 c6 10. e4 Bg4 11. Ne1 exd4 12. Qxd4 Qe5 13. Nc2 Nbd7 14. h3 Be6 15. b3 Rad8 16. Rad1 Nc5 17. f4 Qxd4+ 18. Rxd4 d5 19. f5 Bc8 20. exd5 cxd5 21. Nxd5 Nxd5 22. Bxd5 Rfe8 23. g4 b6 24. Rfd1 Kf8 25. Kf2 g6 26. Ne3 a5 27. Bc6 Rxd4 28. Rxd4 Bd7 29. Rxd7 Nxd7 30. Bxd7 Rd8 31. Ba4 Rd2+ 32. Kg3 Rxa2 33. Nd5 gxf5 34. gxf5 h5 35. Nxb6 Ke7 36. c5 Rc2 37. Nc4 Kd8 38. Nxa5 Rc3+ 39. Kh4 Kc7 40. Nc4 Rf3 41. Nd6 Rf4+ 42. Kxh5 Rf3 43. Kg4 Rf1 44. Nxf7 Rg1+ 45. Kf4 Kb8 46. f6 Rf1+ 47. Ke5 Re1+ 48. Kf5 Rf1+ 49. Ke6 Re1+ 50. Ne5 Ka7 51. f7 Rf1 52. Ke7 Rf5 53. f8Q Rxe5+ 54. Kd6 1-0

[Event "Titled Tuesday intern op 11th Jul Late"]
[Site "Chess.com INT"]
[Date "2023.07.11"]
[Round "3"]
[White "Sliwicki, Damian"]
[Black "Fantinel, Thibault"]
[Result "0-1"]
[WhiteElo "2103"]
[BlackElo "2418"]
[PlyCount "74"]
[EventDate "2023.07.11"]
[EventType "swiss (blitz)"]
[EventRounds "11"]
[EventCountry "USA"]
[SourceTitle "EXT 2024"]
[Source "ChessBase"]
[SourceDate "2023.10.10"]
[SourceVersion "1"]
[SourceVersionDate "2023.10.10"]
[SourceQuality "1"]

1. e4 c5 2. Nf3 e6 3. d4 cxd4 4. Nxd4 Nf6 5. Nc3 Nc6 6. g3 Bb4 7. Bg2 0-0 8. 0-0 d6 9. Nxc6 bxc6 10. e5 Nd5 11. Nxd5 cxd5 12. a3 Bc5 13. b4 Bb6 14. exd6 Qxd6 15. c4 Qe5 16. Bf4 Qf6 17. cxd5 exd5 18. Qxd5 Be6 19. Qxa8 Rxa8 20. Bxa8 h6 21. Be4 g5 22. Be3 Bxe3 23. fxe3 Qe5 24. Bf3 Qxe3+ 25. Kg2 g4 26. Ba8 h5 27. Rae1 Qxa3 28. Rf4 h4 29. gxh4 Qh3+ 30. Kh1 Qxh4 31. Re2 Qg5 32. Ref2 a5 33. bxa5 Qxa5 34. Be4 Kg7 35. Bf5 Bd5+ 36. Kg1 Bf3 37. h3 Qe1+ 0-1

[Event "Titled Tuesday intern op 11th Jul Late"]
[Site "Chess.com INT"]
[Date "2023.07.11"]
[Round "2"]
[White "Sliwicki, Damian"]
[Black "Oliveira, Tiago Batista"]
[Result "1-0"]
[WhiteElo "2103"]
[BlackElo "1971"]
[PlyCount "25"]
[EventDate "2023.07.11"]
[EventType "swiss (blitz)"]
[EventRounds "11"]
[EventCountry "USA"]
[SourceTitle "EXT 2024"]
[Source "ChessBase"]
[SourceDate "2023.10.10"]
[SourceVersion "1"]
[SourceVersionDate "2023.10.10"]
[SourceQuality "1"]

1. e4 e5 2. Nf3 Nc6 3. d4 exd4 4. Bc4 Bc5 5. 0-0 Nf6 6. e5 d5 7. exf6 dxc4 8. fxg7 Rg8 9. Re1+ Be6 10. Bg5 Qd5 11. Nc3 Qf5 12. Ne4 Rxg7 13. Nh4 1-0